All Warner Bros./ HBO Max Movies - Statistics

General Stats
  • This quiz has been taken 29 times
  • The average score is 3 of 29
Answer Stats
Hint Answer % Correct
2020 Wonder Woman 1984
45%
2021 The Suicide Squad
40%
2021 Godzilla V.S. Kong
25%
2021 Zack Snyder's Justice League
25%
2022 Batgirl
20%
2020 The Witches
20%
2020 An American Pickle
15%
2021 Tom and Jerry
15%
2021 8-Bit Christmas
10%
TBD Blue Beetle
10%
2022 Evil Dead Rise
10%
2021 Mortal Kombat
10%
2021 The Matrix: Resurrections
10%
2020 Charm City Kings
5%
2022 KIMI
5%
2021 Locked Down
5%
2022 Moonshot
5%
2021 No Sudden Move
5%
2021 Reminiscence
5%
2022 The Fallout
5%
2022 Father of the Bride
0%
2022 House Party
0%
2021 In the Heights
0%
2020 Let Them All Talk
0%
2021 Space Jan: A New Legacy
0%
TBD Static Shock
0%
2020 Superintelligence
0%
2021 The Many Saints of Newark
0%
2020 Unpregnant
0%
No matching quizzes found
Score Distribution
Percent of People with Each Score
Percentile by Number Answered
Your Score History
You have not taken this quiz